[Event "EGY-ch (Women)"]
[Site "Giza"]
[Date "2022.09.14"]
[Round "9"]
[White "Gamal Eldin, Fatma"]
[Black "Hassan, Hala"]
[Result "1/2-1/2"]
[WhiteElo "1529"]
[BlackElo "1811"]
[PlyCount "123"]
[EventDate "2022.09.10"]
[EventType "swiss"]
[EventRounds "9"]
[EventCountry "EGY"]
[SourceTitle "EXT 2023"]
[Source "ChessBase"]
[SourceDate "2022.10.05"]
[SourceVersion "1"]
[SourceVersionDate "2022.10.05"]
[SourceQuality "1"]

1. e4 d5 2. exd5 Nf6 3. Nc3 Nxd5 4. Bc4 e6 5. Nf3 Nxc3 6. bxc3 Be7 7. 0-0 0-0 8. d4 Nd7 9. Re1 Nf6 10. Ne5 c6 11. Bf4 Nd5 12. Bxd5 exd5 13. Qf3 Bf5 14. Re2 Be4 15. Qg3 Bh4 16. Qh3 Bg5 17. Bxg5 Qxg5 18. Qg4 Qxg4 19. Nxg4 f6 20. Rb1 h5 21. Ne3 b6 22. f3 Bg6 23. Kf2 Rfe8 24. Rbe1 Kf8 25. a4 Re7 26. c4 dxc4 27. Nxc4 Rae8 28. Rxe7 Rxe7 29. Rxe7 Kxe7 30. c3 Bd3 31. Nb2 Bc2 32. Ke3 g5 33. f4 Ke6 34. fxg5 fxg5 35. g3 Kf5 36. Kf3 Be4+ 37. Kf2 Kg4 38. Nd1 Kf5 39. Ne3+ Ke6 40. Ke2 Kd6 41. Kd2 a5 42. Kc1 c5 43. Kb2 cxd4 44. cxd4 Bc6 45. Kb3 Be8 46. Nc4+ Kd5 47. Nxb6+ Kxd4 48. Nc8 Bf7+ 49. Ka3 Ke3 50. Nd6 Bg6 51. Nc4+ Kf2 52. Nxa5 Be8 53. Nc4 Bxa4 54. Kxa4 Kg2 55. Ne5 Kxh2 56. Nf7 Kxg3 57. Nxg5 h4 58. Kb4 Kg4 59. Ne4 Kf4 60. Nf2 Kf3 61. Nh3 Kg3 62. Ng5 1/2-1/2

[Event "EGY-ch (Women)"]
[Site "Giza"]
[Date "2022.09.13"]
[Round "7"]
[White "Amr Ali, Farah"]
[Black "Gamal Eldin, Fatma"]
[Result "0-1"]
[WhiteElo "1193"]
[BlackElo "1529"]
[PlyCount "145"]
[EventDate "2022.09.10"]
[EventType "swiss"]
[EventRounds "9"]
[EventCountry "EGY"]
[SourceTitle "EXT 2023"]
[Source "ChessBase"]
[SourceDate "2022.10.05"]
[SourceVersion "1"]
[SourceVersionDate "2022.10.05"]
[SourceQuality "1"]

1. e4 c5 2. Nf3 g6 3. d4 cxd4 4. Nxd4 Bg7 5. c4 Nc6 6. Be3 Nf6 7. Nc3 0-0 8. Be2 d6 9. 0-0 Bd7 10. f4 Qc8 11. h3 Be6 12. b3 a6 13. g4 Ne8 14. f5 Bd7 15. Nd5 Qd8 16. Rc1 e6 17. fxe6 fxe6 18. Rxf8+ Kxf8 19. Nc3 Kg8 20. Qd2 Qc7 21. Rf1 Rc8 22. h4 b5 23. cxb5 Nxd4 24. Bxd4 Bxd4+ 25. Qxd4 Qxc3 26. Qf2 Qc5 27. Qxc5 Rxc5 28. bxa6 Ra5 29. Ra1 Bb5 30. b4 Bxe2 31. bxa5 Bxa6 32. Rc1 Kf7 33. Kf2 Ke7 34. Kf3 Kd7 35. g5 Nc7 36. Ke3 e5 37. Kd2 Nb5 38. Rb1 Nd4 39. Rb6 Bc8 40. Ke3 Kc7 41. a3 Nc6 42. Rb2 Nxa5 43. Rc2+ Kd7 44. Rf2 Ke7 45. Kd3 Ba6+ 46. Kc3 Nc6 47. a4 Nd8 48. Kb4 Bb7 49. a5 Bxe4 50. a6 Nc6+ 51. Kb5 Bd5 52. Rc2 Kd7 53. Kb6 e4 54. a7 Nxa7 55. Rc7+ Ke6 56. Rxa7 Kf5 57. Rxh7 e3 58. Ra7 e2 59. Ra1 Kg4 60. Re1 Kf3 61. Kc7 Kf2 62. Rxe2+ Kxe2 63. Kxd6 Be4 64. Ke5 Kf3 65. Kf6 Kg4 66. Ke5 Bb1 67. Kf6 Kxh4 68. Kg7 Kxg5 69. Kf7 Kf4 70. Kf6 g5 71. Kg7 g4 72. Kh6 g3 73. Kh5 0-1

[Event "Arab-ch U14 Girls"]
[Site "Amman"]
[Date "2014.08.26"]
[Round "7.5"]
[White "Aseel, Odeh"]
[Black "Gamal Eldin, Fatma"]
[Result "1-0"]
[WhiteElo "1589"]
[BlackElo "1706"]
[PlyCount "49"]
[EventDate "2014.08.22"]
[EventType "swiss"]
[EventRounds "9"]
[EventCountry "JOR"]
[SourceTitle "EXT 2024"]
[Source "ChessBase"]
[SourceDate "2023.10.10"]
[SourceVersion "1"]
[SourceVersionDate "2023.10.10"]
[SourceQuality "1"]

1. e4 c5 2. Nf3 g6 3. Nc3 Bg7 4. h3 Nc6 5. Bb5 a6 6. Bxc6 dxc6 7. 0-0 Nf6 8. d3 0-0 9. Be3 Qb6 10. Na4 Qb4 11. c4 Qa5 12. Bxc5 Qc7 13. Bb6 Qf4 14. Be3 Qc7 15. Qc1 Rd8 16. Bb6 Qd7 17. Bxd8 Qxd8 18. Rd1 b5 19. cxb5 cxb5 20. Nc3 Bb7 21. Qe3 Rc8 22. Rac1 b4 23. Ne2 Qa5 24. Qa7 Rxc1 25. Rxc1 1-0